Kashmir: (Record no. 210421)

MARC details
000 -LEADER
fixed length control field 00586nam a22001937a 4500
005 - DATE AND TIME OF LATEST TRANSACTION
control field 20250321144529.0
010 ## - LCCN (DPL NO)
LC control number ENG-144175
020 ## - INTERNATIONAL STANDARD BOOK NUMBER
International Standard Book Number 9789383445431
Terms of availability 1215.00
035 ## - SYSTEM CONTROL NUMBER
System control number EN-127707
037 ## - SOURCE OF ACQUISITION
Source of stock number/acquisition DBAD
082 ## - DEWEY DECIMAL CLASSIFICATION NUMBER
Classification number 954.11
Edition number 1
100 ## - MAIN ENTRY--PERSONAL NAME
Personal name Gupta, Sisir
245 ## - TITLE STATEMENT
Title Kashmir:
Statement of responsibility, etc Sisir Gupta
Remainder of title Study in india - pakistan relations/
250 ## - EDITION STATEMENT
Edition statement 1
260 ## - PUBLICATION, DISTRIBUTION, ETC. (IMPRINT)
Place of publication, distribution, etc New delhi
Name of publisher, distributor, etc Indian council of world affairs
Date of publication, distribution, etc 2020
270 ## - ADDRESS
Address Sapru house, barakhamba road
City New delhi
Postal code 110001
300 ## - PHYSICAL DESCRIPTION
Extent xv.511p.
Dimensions 23.5cm(Hb)
942 ## - ADDED ENTRY ELEMENTS (KOHA)
Source of classification or shelving scheme Dewey Decimal Classification
Item type English Books
Classification part 954.11
Call number suffix GUP
Edition 1

No items available.


© Delhi Public Library
Hit Counter
free hit counter